00561naa a2200145 a 450000100080000000500110000800800410001910000190006024501000007926000090017965000110018865000320019965000200023177301640025110262422025-05-15 2025 bl uuuu u00u1 u #d1 aGAIGHER, S. V. aJuventude empreendendo e diversificandobo jovem Ruan Matheus Kalk Hehr.h[electronic resource] c2025 aBanana aFixação do Homem No Campo aJuventude Rural tIn: SANTOS, V. L. M. (Org.). Jovens rurais capixabas : projetos de vida e sucessão familiar. Vitória, ES : Incaper, 2025. Secao 2, Cap. 19, p. 158-161, 2025.